Горное право: учебник

Podrobná bibliografie
Hlavní autor: Лагуткин А. В. Александр Владимирович
Korporativní autor: Российская академия естественных наук (РАЕН) Отделение "Проблемы управления"
Shrnutí:В учебнике рассмотрены особенности государственного управления в сфере недропользования, специфика трудовых отношений в горном деле, юридическая ответственность за нарушение законодательства о недрах.
Jazyk:ruština
Vydáno: Москва, Инфра-М, 2019
Edice:Высшее образование - Бакалавриат
Témata:
Médium: MixedMaterials Kniha
KOHA link:https://koha.lib.tpu.ru/cgi-bin/koha/opac-detail.pl?biblionumber=340639

MARC

LEADER 00000nam0a2200000 4500
001 340639
005 20231102005248.0
010 |a 9785160126555 
035 |a (RuTPU)RU\TPU\book\367562 
090 |a 340639 
100 |a 20180404d2019 m y0rusy50 ca 
101 0 |a rus 
102 |a RU 
105 |a y j 001zy 
200 1 |a Горное право  |e учебник  |f А. В. Лагуткин  |g Российская академия естественных наук (РАЕН), Отделение "Проблемы управления" 
210 |a Москва  |c Инфра-М  |d 2019 
215 |a 268 с. 
225 1 |a Высшее образование - Бакалавриат 
320 |a Библиогр.: с. 260-266 
330 |a В учебнике рассмотрены особенности государственного управления в сфере недропользования, специфика трудовых отношений в горном деле, юридическая ответственность за нарушение законодательства о недрах. 
606 1 |a Горное право  |2 stltpush  |3 (RuTPU)RU\TPU\subj\67970  |9 83537 
610 1 |a право 
610 1 |a земельное право 
610 1 |a недропользование 
610 1 |a недра 
610 1 |a история 
610 1 |a горные выработки 
610 1 |a регистрация 
610 1 |a представление 
610 1 |a контроль 
610 1 |a охрана 
610 1 |a юридическая ответственность 
610 1 |a добыча 
610 1 |a уголовная ответственность 
610 1 |a учебники 
686 |a Х625я73  |v LBC/SL-A  |2 rubbk 
700 1 |a Лагуткин  |b А. В.  |g Александр Владимирович 
712 0 2 |a Российская академия естественных наук (РАЕН)  |b Отделение "Проблемы управления"  |2 stltpush  |3 (RuTPU)RU\TPU\col\138 
801 1 |a RU  |b 63413507  |c 20180404 
801 2 |a RU  |b 63413507  |c 20211011  |g RCR 
942 |c BK 
959 |a 4/20180227  |d 1  |e 790,00  |f ЧЗТЛ:1